Province Quiz - Western Cape - Statistics

General Stats
  • This quiz has been taken 6 times
  • The average score is 14 of 20
Answer Stats
Hint Answer % Correct
Capital city Cape Town
100%
Animal seen at Boulders Beach African {Penguin}
83%
Most spoken first language Afrikaans
83%
The province is named for this cape Cape of {Good} {Hope}
83%
Archbishop who received the Nobel Peace Prize in 1984 Desmond Tutu
83%
Company that established the capital as a refreshment station Dutch {East} {India} Company
83%
Type of transplant first performed by Dr. Christiaan Barnard Heart
83%
Bordering provinces Northern Cape
83%
Island where Nelson Mandela was sent to prison {Robben} Island
83%
Famous mountain in the capital {Table} Mountain
83%
Region also known as Boland Cape {Wine}lands
67%
Bordering provinces Eastern Cape
67%
Largest city in the east George
67%
Second-largest city (starts with P) Paarl
67%
Portuguese explorer who sighted the above in 1497, but sailed on and didn't make landfall Vasco da Gama
67%
Southernmost point of Africa Cape {Agulhas}
50%
Bay created by the Cape Peninsula {False} Bay
50%
Main nickname of the capital {Mother} City
50%
Only nuclear power plant in Africa Koeberg
33%
The above is also home to the _________ of South Africa Parliament
33%
No matching quizzes found
Score Distribution
Percent of People with Each Score
Percentile by Number Answered
Your Score History
You have not taken this quiz